Które miasto jest większe? - Statystyki

Ogólne statystyki
  • Ten quiz został rozwiązany 986 razy
  • Średni wynik to 8 z 15
Statystyki odpowiedzi
Zagadnienie Odpowiedź % Poprawnych
Kat. Duże Gdańsk
89%
Kat. Małe Zakopane
89%
Kat. Ogromne Kraków
78%
Kat. Lubelskie Zamość
78%
Kat. Józefów Józefów (mazowieckie)
67%
Kat. Nowy Nowy Sącz
67%
Kat. Duże Gdynia
56%
Kat. Aglomeracja Warszawska Pruszków
56%
Kat. Podkarpackie Przemyśl
56%
Kat. Małe Nowa Sól
33%
Kat. Średnie Wejherowo
33%
Kat. Średnie Koszalin
22%
Kat. Duże Lublin
22%
Kat. Małe Poniatowa
22%
Kat. Małe Dęblin
11%
Nie znaleziono quizów pasujących do podanych kryteriów
Rozkład punktacji
Procent ludzi z każdym wynikiem
Percentyl według liczby udzielonych odpowiedzi
Twoja historia wyników
Nie rozwiązałeś tego quizu